000 00651nam a2200265Ia 4500
005 20260306163940.0
008 008 260114s9999 xx 000 0 eng d
020 _a9781529223705
037 _aEBOOK
040 _aCRL
040 _beng
040 _cCRL
041 _2eng
041 _aeng
084 _qCRL
100 _aPessoa Cavalcanti
_91129689
245 0 _aSouthern And Postcolonial Perspectives On Policing, Security And Social Order
260 _bThe Policy Press
260 _c2024
650 _aLaw
856 _uhttps://academic.oup.com/book/55609
942 _cEBOOK
999 _c1712138
_d1712138